000 00578nam a2200217Ii 4500
003 JO-AjNU
008 230606s9999||||xx |||||||||||||| ||und||
020 _a978-0-470-55509-1
040 _aJO-AjNU
_beng
_erda
_cJO-AjNU
041 _aeng
050 1 4 _aQA76.73.H668 2010
100 3 _aHORSTMAN,CAY ,
_eauthor
_9487
245 0 0 _aBig java
250 _a4 ed
264 3 1 _aJOHN WILEY,2010
300 _a1110p
336 _atext
_btxt
_2rdacontent
337 _aunmediated
_bn
_2rdamedia
338 _avolume
_bnc
_2rdacarrier
650 4 _aJava (Computer program language)
_9488
999 _aE259
_c259
_d259